Estudios de derecho

Bibliographic Details
Corporate Author: Universidad de Antioqua̕. Facultad de Derecho y Ciencias Polt̕icas
Format: Unknown
Language:English
Published: Medelln̕ : Universidad de Antioquia, Facultad de Derecho y Ciencias Politicas
Subjects:
Online Access:Acceso restringido

MARC

LEADER 00000ny a22000003n 4500
005 20110513112329.0
008 091215s cl 000 eng d
022 |a 0120-1867 
035 |a 4736 
040 |a BUS  |d vLex 
080 |a 340 (05) 
090 |c 1853  |d 1853 
245 0 0 |a Estudios de derecho  |h [Recurso electrn̤ico] 
256 |a Servicio en ln̕ea 
260 |a Medelln̕ :  |b Universidad de Antioquia, Facultad de Derecho y Ciencias Politicas 
300 |a v. ;  |c 24 cm. 
310 |a Cuatrimestral. 
506 1 |a Contenido solo disponible en los productos indicados  |d vLex Global  |d vLex Global (Academic Edition, excluding Law Schools)  |d vLex Global (U.S. Academic Edition, Law Schools)  |d vLex Global (U.S. Academic Edition, excluding Law Schools)  |d vLex Global (Academic Edition, Law Schools) 
650 0 4 |a Derecho  |x Publicaciones periodicas 
710 2 |a Universidad de Antioqua̕.  |b Facultad de Derecho y Ciencias Polt̕icas 
740 0 |a vLex Revista (Servicios en ln̕ea) 
843 |a Electrn̤ica. Abierta 
856 4 0 |z Acceso restringido  |u http://vlex.com/account/login_ip?fuente_id=4736  
942 |c REV 
999 4 |a Derecho